Responses for Show #5444 - Thursday, April 17, 2008

Contestants

[<< previous game]

Val Ontell, a college librarian from San Diego, California

Eddie Gillan, a pilot from Boulder, Colorado

Chris Zane, a benefits administrator from Westminster, Maryland (whose 2-day cash winnings total $37,801)

[next game >>]

Jeopardy! Round responses

ANTIBIOTICS
ALSO A MUSICAL INSTRUMENT
HOLD THE FORT
MISQUOTED
____ OF ____
(Alex: You have to fill in the blanks, of course.)
'80s SONG LYRICS
    $200 21
penicillin

Eddie
    $200 16
bass

Chris
    $200 26
(Val: What is the Revolutionary War?)

The War of 1812

ChrisVal
    $200 6
Casablanca

Eddie
    $200 1
the Pledge of Allegiance

Eddie
    $200 8
"The Love Shack"

Chris
    $400 22
bacteria

Val
    $400 17
Piccolo

Chris
    $400 27
Sam Houston

Val
    $400 7
Winston Churchill

Chris
    $400 2
the College of Cardinals

Eddie
    $400 9
give love a bad name

Chris
    $600 23
peritonitis

Chris
    $600 18
Harp

Eddie
    $1,000 28
(Val: What is... ooh... Fort Hamilton?)

Fort Knox

Val
    $600 13
The Empire Strikes Back

Eddie
    $600 3
the Library of Congress

Chris
    $600 10
"Electric Avenue"

Chris
    $800 24
alcohol

Eddie
    $800 19
fiddle

Chris
    $800 29
Ticonderoga

Chris
    $800 14
Edgar Rice Burroughs

Eddie
    $800 4
Son of Sam

Chris
    $800 11
867-5309

Eddie
    $1000 25
tetracycline

Triple Stumper
    $1000 20
(Chris: What is pianoforte?)
...
(Alex: [*], all by itself, yes.)

piano

ChrisVal
    $1000 30
(Val: What is Ashford?)

Fort Bragg

ChrisVal
    $1000 15
Leo Durocher

Val
    $1000 5
"Ship of Fools"

Val
    $1000 12
dream it's over

Eddie

Scores at the first commercial break (after clue 15):

Chris Eddie Val
$3,000 $4,000 $2,000

Scores at the end of the Jeopardy! Round:

Chris Eddie Val
$6,000 $5,600 $1,600

Double Jeopardy! Round responses

BALLET
THE TV CHARACTER IN COMMON
FICTIONAL FEMALES
IT'S ONLY MONEY
IT'S CANADA, EH
"I" OPENERS
    $400 27
Lizzie Borden

Chris
    $400 6
the Bionic Woman

Val
    $400 1
Alice

Eddie
    $400 16
the U.S. Mint

Chris
    $400 21
the Northwest Territories

Chris
    $400 11
the infield

Val
    $800 28
the Firebird

Val
    $800 7
Perry Mason

Chris
    $800 2
Women in Love

Val
    $800 17
(Eddie: What is a promissary note?)

francs

Eddie
Triple Stumper
    $800 22
(Chris: What is Quebec?)

Ontario

ChrisVal
    $800 12
insectivores

Triple Stumper
    $3,000 26
Sleeping Beauty

Chris
    $1200 8
Ellie Ewing

Chris
    $1200 3
Sister Carrie

Val
    $1200 18
fiscal

Eddie
    $1200 23
(Eddie: What is the Atlantic?)

the Arctic Ocean

ChrisEddie
    $1200 13
Isaiah

Chris
    $1600 29
George Balanchine

Val
    $1600 9
Lois Lane

Chris
    $1600 4
Daisy Miller

Val
    $1600 19
(Chris: What is pull?)

call

Chris
Triple Stumper
    $1600 24
Labrador

Triple Stumper
    $1600 14
an idyll

Chris
    $2000 30
(Chris: Who is Marie Antoinette?)
[ERRATA: Catherine was the queen mother, not the queen, in 1581; Catherine had no sister; the ballet celebrated the weeding of Queen Louise de Lorraine.]

Catherine de' Medici

ChrisVal
    $2000 10
(Alex: Good night, [*].)

John Boy

Triple Stumper
    $2000 5
Miss Havisham

Eddie
    $2000 20
(Val: What is Secretary of the Treasury?)

Postmaster General

EddieVal
    $5,000 25
(Alex: That was the first of the Daily Doubles in this round of play, so guess in which category the next Daily Double will appear!)

Pierre Trudeau

Chris
    $2000 15
inert

Chris

Scores at the end of the Double Jeopardy! Round:

Chris Eddie Val
$20,400 $9,200 $9,200
(lock game)

[wagering suggestions for these scores]

Final Jeopardy! Round responses

WWII
EddieWhat is axis
$9,200
ValWhat is an axis?
$9,198
ChrisWhat is unholy?
$1,000
axis

Final scores:

Chris Eddie Val
$19,400 $18,400 $18,398
3-day champion: $57,201 2nd place: $2,000 3rd place: $1,000

Game dynamics:

Coryat scores:

Chris Eddie Val
$15,600 $9,200 $10,200
25 R
(including 2 DDs),
4 W
14 R,
2 W
14 R,
4 W
(including 1 DD)

Combined Coryat: $35,000

[game clues] [game scores] [suggest correction]

Game tape date: 2008-02-06
The J! Archive is created by fans, for fans. Scraping, republication, monetization, and malicious use prohibited; this site may use cookies and collect identifying information. See terms. The Jeopardy! game show and all elements thereof, including but not limited to copyright and trademark thereto, are the property of Jeopardy Productions, Inc. and are protected under law. This website is not affiliated with, sponsored by, or operated by Jeopardy Productions, Inc. Join the discussion at JBoard.tv.